Worst Overall Offenses in College Football - Statistics

General Stats
  • This quiz has been taken 37 times
  • The average score is 13 of 25
Answer Stats
PFPG School % Correct
18.87 Vanderbilt
68%
18.35 Iowa State
60%
17.93 Kansas
60%
17.27 Kent State
60%
17.76 Rutgers
60%
17.85 Akron
56%
18.63 Kansas State
56%
16.66 Northwestern
56%
18.03 Rice
56%
17.68 Temple
56%
17.74 Buffalo
52%
17.54 Connecticut
52%
18.81 Ohio
52%
16.82 Eastern Michigan
48%
18.79 Illinois
48%
17.88 Indiana
48%
18.90 Kentucky
48%
17.18 Massachusetts
48%
18.52 Oregon State
48%
18.18 South Carolina
44%
18.36 Tulane
44%
18.39 Maryland
36%
18.81 Mississippi State
36%
17.31 Wake Forest
32%
18.68 NC State
28%
No matching quizzes found
Score Distribution
Percent of People with Each Score
Percentile by Number Answered
Your Score History
You have not taken this quiz